Catálogo
 En Linea

Matemática basica superior / (Registro nro. 38061)

Detalles MARC
000 -CABECERA
campo de control de longitud fija 00433nam a2200145 a 4500
001 - NÚMERO DE CONTROL
campo de control 000038571
005 - FECHA Y HORA DE LA ÚLTIMA TRANSACCIÓN
campo de control 20240826124700.0
008 - DATOS DE LONGITUD FIJA--INFORMACIÓN GENERAL
campo de control de longitud fija 130415s2007 dr a 000 0 spa d
040 ## - FUENTE DE LA CATALOGACIÓN
Centro catalogador/agencia de origen DO-SdBNP
Lengua de catalogación spa
Centro/agencia transcriptor BNPHU
100 ## - ENTRADA PRINCIPAL--NOMBRE DE PERSONA
Nombre de persona Peña Geraldino, Rafael
9 (RLIN) 1257
245 10 - MENCIÓN DE TÍTULO
Título Matemática basica superior /
Mención de responsabilidad, etc. Rafael Peña Geraldino.
250 ## - MENCIÓN DE EDICIÓN
Mención de edición 5a. ed.
260 ## - PUBLICACIÓN, DISTRIBUCIÓN, ETC.
Lugar de publicación, distribución, etc. Santo Domingo :
Nombre del editor, distribuidor, etc. Editora Robiou,
Fecha de publicación, distribución, etc. 2007.
300 ## - DESCRIPCIÓN FÍSICA
Extensión 400 p. :
Otras características físicas il. ;
Dimensiones 27 cm.
Existencias
Estado de retiro Estado de pérdida No para préstamo Código de colección Localización permanente Ubicación/localización actual Ubicación en estantería Fecha de adquisición Número de inventario Total de préstamos Signatura topográfica completa Código de barras Fecha visto por última vez Precio válido a partir de Tipo de ítem Koha
    Excluido de préstamo Patrimonio Dominicano Patrimonio Dominicano Patrimonio Dominicano En catalogación 15.04.2013 LF1   38571-10 25.06.2020 25.06.2020 Libro y Folleto Colección Patrimonio Dominicano

Con tecnología Koha